Concerti per Viola d'amore (Запис номер 519642)
[ съкратено ]
| 000 -Лидер | |
|---|---|
| Лидер | 01523njm a2200313 a 4500 |
| 003 - Код на организацията, давaща контролен номер | |
| Код на организацията, даваща контролен номер | BLK |
| 005 - Дата и час на последна редакция | |
| Дата и час на последна редакция | 20250215161532.0 |
| 007 - Фиксирано поле за физическо описани | |
| Физическо описание | sd ammalaaahaa |
| 008 - Елементи от данни с фиксирана дължина | |
| Елементи с фиксирана дължина | 221104b bu |||||s|||| 00| | bu d |
| 028 ## - PUBLISHER NUMBER | |
| Издателски номер | 8 26 393 - 8 26 394 |
| 040 ## - Източник на каталожния запис | |
| Код на библиотеката | BLK |
| 041 ## - Код за език | |
| Език на записа | Немски |
| Език за КДБФ | Немски |
| 080 ## - УДК | |
| УДК текст | Концерт за виола и оркестър |
| УДК код | 785.6:787.2 |
| УДК – определител | (086.72) |
| УДК – код + определител | 785.6:787.2(086.72) |
| 100 1# - Редна дума - Автор | |
| R(LIN) | 27390 |
| Автор | Vivaldi, Antonio |
| 245 ## - Сведения за заглавието | |
| Заглавие | Concerti per Viola d'amore |
| Авторска отговорност | Antonio Vivaldi ; Mitglieder der Staatskapelle Dresden ; dirigent Vittorio Negri. |
| 260 ## - Област на издателските данни | |
| 9 (RLIN) | 210744 |
| Място на издаване | Berlin |
| Име на издателя | Deutsche Schallplatten |
| Година на издаване | 1975 |
| 300 ## - Физическа характеристика | |
| Брой страници | 2 грамофонни плочи |
| Илюстрации | 33 об/мин, стерео |
| Размер | 30 см |
| 380 ## - Жанр | |
| Жанр | Изкуство |
| 500 ## - Общи забележки | |
| Обща забележка | Плоча 1 Страна І<br/>(01) Concerto d-moll RV394<br/>(02) Concerto a-moll RV397<br/>Страна ІІ<br/>(03) Concerto A-dur RV396<br/>(04) Concerto d-moll RV395<br/><br/>Плоча 2 Страна І<br/>(01) Concerto D-dur RV392<br/>(02) Concerto d-moll RV540<br/>Страна ІІ<br/>(03) Concerto F-dur RV97<br/>(04) Concerto d-moll RV393 |
| 511 ## - Забележка за участници или изпълнители | |
| Забележка за участници | Bruno Giuranna, Viola d'amore ; Christiane Jaccottet, Cembalo |
| 520 ## - Забележка за наличие на резюме, анотация и т.н | |
| Анотация, рецензия | Aufgenommen im November / Dezember 1972 im Studio Lukaskirche Dresden. |
| 650 #7 - Допълнително описание по предмет – тема | |
| Предметна рубрика | Виола - концерти, концертини |
| Източник на редна или ключова дума | |
| 9 (RLIN) | 150741 |
| 700 ## - Други автори (авторска отговорност) | |
| 9 (RLIN) | 495473 |
| Друг автор | Negri, Vittorio |
| 710 ## - Име на организация или юридическо лице като допълнителен термин за търсене | |
| 9 (RLIN) | 494213 |
| Друг колективен автор | Staatskapelle Dresden |
| 852 ## - Местоположение | |
| Сигнатура (форматна) | Ф ІІ 3128 |
| Отдел | Хранилище |
| 942 ## - АРТИКУЛИ | |
| Вид на библиотечния документ | Грамофонни плочи |
| Скрит в OPAC | Не |
| 944 ## - СЪЗДАВАНЕ И РЕДАКЦИЯ на ЗАПИСА | |
| Дата на регистрацията/редакция | Севдалина Тодорова |
| Служител, извършил регистрацията/редакцията | 30560 |
| Статус, дата на статуса | Геновева Генчева |
| 999 ## - СИСТЕМНИ КОНТРОЛНИ НОМЕРА | |
| Koha biblionumber | 519642 |
| Koha biblioitemnumber | 519642 |
| 999 ## - СИСТЕМНИ КОНТРОЛНИ НОМЕРА | |
| Koha biblioitemnumber | 519642 |
| Код за отписване | Код за изгубен артикул | Източник на класификационната схема | Код за повреда | Коз за рестрикции | Код за отдаване | Артикулен № | Име на библиотеката - собственик | Име на библиотеката, в която се намира в момента | Статус (Текущо местоположение) | Дата на вписване в системата | Местоположение - отдел | Цена в лева | Номерация (Хронология) | Инвентарен номер | Систематично азбучна сигнатура | Баркод | Цена в евро | Служебен тип на артикула |
|---|---|---|---|---|---|---|---|---|---|---|---|---|---|---|---|---|---|---|
| Не е изгубен | Universal Decimal Classification | Не е повреден | само за читалня | ползва се в читалня | 952311 | Регионална библиотека "Любен Каравелов" Русе | Регионална библиотека "Любен Каравелов" Русе | Хранилище | 2024-10-17 | Основен фонд - ползва се само за читалня | 6.00 | Плоча 1 | 7626 | Ф ІІ 3128 | 900000108966 | 3.07 | Грамофонни плочи | |
| Не е изгубен | Universal Decimal Classification | Не е повреден | само за читалня | ползва се в читалня | 952312 | Регионална библиотека "Любен Каравелов" Русе | Регионална библиотека "Любен Каравелов" Русе | Хранилище | 2024-10-17 | Основен фонд - ползва се само за читалня | 6.00 | Плоча 2 | 7627 | Ф ІІ 3128 | 900000108967 | 3.07 | Грамофонни плочи |